| 000 | 01775nam a2200241Ia 4500 | ||
|---|---|---|---|
| 008 | 260220t1962||||xx |||||||||||||| ||spa|| | ||
| 040 |
_aPY-SlUNAC _bspa _erda |
||
| 041 | _aspa | ||
| 082 |
_a576.163 _bF869m |
||
| 100 |
_aFrazier, W. C. _eAutor |
||
| 245 | 0 |
_aMicrobiología de los alimentos / _cpor W. C. Frazier [Autor] |
|
| 264 |
_aZaragoza : _bAcribia, _c℗1962. |
||
| 300 | _a1 volumen | ||
| 520 | _aEn "Microbiología de los alimentos", W. C. Frazier aborda de manera exhaustiva los principios fundamentales de la microbiología aplicados a la industria alimentaria. El texto examina la diversidad de microorganismos presentes en los alimentos, incluyendo bacterias, hongos y virus, y su impacto en la conservación, calidad y seguridad alimentaria. Frazier destaca la relación entre las condiciones ambientales y el crecimiento microbiano, así como las técnicas de control y prevención de contaminaciones. El libro también explora los métodos de análisis microbiológico, esenciales para la evaluación de la inocuidad de los productos alimenticios. A lo largo de la obra, se enfatiza la importancia de la microbiología en el desarrollo de procesos de conservación, como la pasteurización y la refrigeración, y se discuten las implicaciones de los microorganismos patógenos en la salud pública. En conjunto, la obra se presenta como una referencia fundamental para estudiantes y profesionales del área, proporcionando conocimientos esenciales para garantizar la seguridad alimentaria. | ||
| 653 | _aAlimentos | ||
| 653 | _aMicrobiología | ||
| 653 | _aSeguridad alimentaria | ||
| 942 |
_b2026/02/17 _cBK |
||
| 999 |
_c8207 _d8207 |
||